KOHA-Header-6

The Age of Sustainable Development (Record no. 1649)

000 -LEADER
fixed length control field 00317nam a2200121Ia 4500
008 - FIXED-LENGTH DATA ELEMENTS--GENERAL INFORMATION
fixed length control field 190723s9999 xx 000 0 und d
020 ## - INTERNATIONAL STANDARD BOOK NUMBER
International Standard Book Number 978-0-231-17315-5
100 ## - MAIN ENTRY--PERSONAL NAME
Personal name Jeffery D. Sachs
245 #4 - TITLE STATEMENT
Title The Age of Sustainable Development
260 ## - PUBLICATION, DISTRIBUTION, ETC. (IMPRINT)
Place of publication, distribution, etc New York
Name of publisher, distributor, etc Columbia Uni Press
Date of publication, distribution, etc 2015
300 ## - PHYSICAL DESCRIPTION
Extent 543.:p
942 ## - ADDED ENTRY ELEMENTS (KOHA)
Koha item type Books
Holdings
Withdrawn status Lost status Source of classification or shelving scheme Damaged status Not for loan Collection code Permanent Location Current Location Shelving location Date acquired Total Checkouts Total Renewals Full call number Barcode Date last seen Date checked out Price effective from Koha item type
          Economics MAJU MAJU Shelf No.A48 2019-07-23 1 1 338.927 8272 2023-03-17 2023-03-17 2019-07-23 Economics

Powered by Koha